01225cam a2200301 450000100100000000500170001000800410002702000150006804000300008308200180011313000330013124501890016425000140035326000580036730000260042549000170045150000320046850000710050065100340057165000370060570000600064270000270070283000240072991000280075304900090078195201160079099900170090600001744520200929165120.0720619s1978 vtua 000 0deng  a0804809844 aDO-SdBNPcDLCdDLCdBNPHU a952.01bN691c0 aNihon shoki. English.93813910aNihongi : / :bchronicles of Japan from the earliest times to A.D. 697. /cTraducción del chino original al japones W. G. Aston ; introducción de la nueva edición Terence Barrow. a4a reimp. aRutland, Vermont :bCharles E. Tuttle Company,c1978. a2 v. :bil. ;c19 cm.1 aTut books. H aIncluye 2 volúmenes en 1. aIncluye referencia biográfica del traductor en la contraportada. 4aJapónxHistoriay645938140 4aMitología japonesay6459381411 aAston, W. G.q(William George),d1841-1911,etr.9381421 aBarrow, Terence938143 0aTut books. H938144 aCatalogación derivada aBNGR 001050718MOaGRbGRcCTd2010-03-24iLF1l0o952.01 N691cp17445-10r2020-06-25w2020-06-25y1ZNo se presta c16970d16970